• 首页
  • 本馆介绍
  • 公告通知
  • 最新文献
  • 馆藏检索
  • 电子资源
  • 读者导购
  • 参考咨询
  • 我的图书馆
  • 登录
  • 详细信息显示
  • 放入我的书架
  • 预约/预借图书
  • 作者相关作品
  • 分类相关作品
  • 丛书相关作品
  • 出版社相关作品

书目信息

  • 表格格式
  • 工作单格式
  • 卡片格式
题名:
非可加测度论与多准则决策
    
 
作者: 武建章 , 张强 著
分册:  
出版信息: 北京   科学出版社  2014.03
页数: 203页
开本: 24cm
丛书名:
单 册:
中图分类: O174.12 , O225
科图分类:
主题词: 测度论--研究 , 决策论--研究
电子资源:
ISBN: 978-7-03-039883-3
000 01115nam0 2200277 450
001 890
001 01CN09604402@CSLN
005 20161114091423.32
010    @a978-7-03-039883-3@dCNY68.00
100    @a20140401d2014 em y0chiy50 ea
101 0  @achi
102    @aCN@b110000
105    @aa z 000yy
200 1  @a非可加测度论与多准则决策@9fei ke jia ce du lun yu duo zhun ze jue ce@f武建章,张强著
210    @a北京@c科学出版社@d2014.03
215    @a203页@c图@d24cm
330    @a本书介绍了基于非可加测度与非线性积分的多准则决策理论与方法,内容包括四个部分:第一部分是基础理论,介绍了非可加测度表示形式和特殊类型,非线性积分的类型与集成特征;第二部分详细阐述了多准则决策环境下非可加测度的确定方法;第三部分和第四部分分别说明了Sugeno积分与Choquet积分的理论拓展与决策应用
333    @a管理科学、系统工程等相关专业的本科生、研究生、企业管理人员
606 0  @a测度论@x研究
606 0  @a决策论@x研究
690    @aO174.12@v4
690    @aO225@v4
701  0 @a武建章@9wu jian zhang@4著
701  0 @a张强@9zhang qiang@4著
801  0 @aCN@b大连网信软件有限公司图书馆·11@c20161114
905    @aZUCC@dO174.12@e207
    
    非可加测度论与多准则决策/武建章,张强著.-北京:科学出版社,2014.03
    203页:图;24cm
    使用对象:管理科学、系统工程等相关专业的本科生、研究生、企业管理人员
    
    ISBN 978-7-03-039883-3:CNY68.00
    本书介绍了基于非可加测度与非线性积分的多准则决策理论与方法,内容包括四个部分:第一部分是基础理论,介绍了非可加测度表示形式和特殊类型,非线性积分的类型与集成特征;第二部分详细阐述了多准则决策环境下非可加测度的确定方法;第三部分和第四部分分别说明了Sugeno积分与Choquet积分的理论拓展与决策应用
●
相关链接 在E读中查询图书 在五车中查询图书 在当当中查询图书 在豆瓣中查询图书


正题名:非可加测度论与多准则决策     索取号:O174.12/207         预约/预借

序号 登录号 条形码 馆藏地/架位号 状态 备注
1 907152   209071528   第二样本阅览室/ [索取号:O174.12/207] 在馆    
2 907153   209071537   第三借阅区/ [索取号:O174.12/207] 在馆    
3 907154   209071546   第三借阅区/ [索取号:O174.12/207] 在馆    
4 907155   209071555   第三借阅区/ [索取号:O174.12/207] 在馆    
5 907156   209071564   数信系资料室/ [索取号:O174.12/207] 在馆    
唐山师范学院图书馆 欢迎您!
大连网信软件有限公司© 版权所有